000 00324nam a2200121Ia 4500
008 220204s9999 xx 000 0 und d
082 _a065
_bKIL
100 _aKillian, Ray A
245 0 _aManaging by design for maximum executive effectiveness
260 _aBombay
_bTaraporevala
_c1977
650 _aManagement
942 _cBK
999 _c30357
_d30357